000 01712nam0a22003371 4500
001 v19\rc\1866491
005 20260406113646.0
035 _a(NLR Aleph) 005259519
090 _a5887144
_c5887144
100 _a20080221d1910 m y0rusy50 ca
101 0 _arus
102 _aRU
105 _ac z |||aa
200 1 _a!Из "Семейной хроники"
_eвоспоминания
_eв сокращении для семьи и школы
_fС.Т. Аксаков
_gпод редакцией Е.Н. Тихомировой
210 _aМосква
_cтипография К.Л. Меньшова
_d1910
215 _a168 с.
_cпортр.
311 _aБесплатное приложение к журналу "Юная Россия", № 4, 1910 г.
422 0 _12001#$aЮная Россия$v1910, № 4
_tЮная Россия
488 0 _12001#$aСемейная хроника
_1700#1$3RU\NLR\AUTH\77127$aАксаков$bС. Т.$f1791-1859$gСергей Тимофеевич
_tСемейная хроника
_aАксаков, Сергей Тимофеевич (1791-1859)
532 1 3 _aИз Семейной хроники
686 1 _aШ6(2=Р)52-4
700 1 _7ca
_8rus
_aАксаков
_bС. Т.
_f1791-1859
_gСергей Тимофеевич
_9110214
_3RU\NLR\AUTH\77127
702 1 _4340
_7ca
_8rus
_aТихомирова
_bЕ. Н.
_cлитератор, переводчик
_f19 в.- 20 в.
_gЕлена Николаевна
_939031
_3RU\NLR\AUTH\7756099
801 0 _aRU
_bNLR
_c20080221
_gpsbo
801 0 _aRU
_bRuMoRGB
_c20080221
_2psbo
801 1 _aRU
_bProSoft-M
_c20080221
_2rusmarc
801 2 _aRU
_bNLR
_c20120725
_2rusmarc
852 _aNLR
_j45/465
942 _cBOOK
980 _aNB